| 000 | 00532cab a2200217 4500 | ||
|---|---|---|---|
| 001 | X550 | ||
| 008 | 090401t1993 xxu||||| |||| 00| 0 eng d | ||
| 035 | _a(Sirsi) u97795 | ||
| 041 | _aeng | ||
| 245 | _aAppraisals for agricultural dwellings | ||
| 260 | _c1993 | ||
| 350 | _a0 | ||
| 490 |
_aCS Monthly : Planning and Development bulletin _v2(7) April 1993, 4(1) |
||
| 650 | _aAPPRAISALS | ||
| 650 | _aDEVELOPMENT | ||
| 650 | _aMAFF | ||
| 650 | _aPLANNING | ||
| 690 | _aRURAL PRACTICE | ||
| 942 | _n0 | ||
| 948 | _c04/03/1997 | ||
| 999 |
_c59682 _d59682 |
||